000 00979nam a2200337 b 4500
001 00527
003 DO-SdBNP
005 20180130103915.0
007 00527
008 961028s1996 sp | ||| ||spa
016 7 _a
_2BPMSU
017 _a
_b
020 _a9789681903886
035 _a
040 _aBPMSU
_bspa
_cBPMSU
_e
080 0 _a
082 4 _a863.6
_bM722s, 2007
100 1 _aMolina, María Isabel,
_d1941-
245 1 3 _aEl señor del cero /
_h
_cMª Isabel Molina ; ilustraciones de Francisco Solé
250 _a 1a ed. 7a. impresión
260 _aMadrid :
_bAlfaguara,
_c1996
300 _a153 p. :
_bil.;
_c21 cm
490 1 _aAlfaguara Juvenil
650 4 _aNOVELA JUEVENIL ESPAÑOLA
650 4 _aLITERATURA JUEVENIL ESPAÑOLA
700 _aSolé, Francisco,
_d1952.-
_eilustraciones
830 0 _a Afaguara Juvenil
942 _2ddc
_cBK
945 _aInventariado, 2018 / BT
956 _aVMATEO
_d10
_f20161021
_hBPMSU
_i0069
999 _c11658
_d11658